Đảng với văn nghệ - những điều ghi nhớ

Gespeichert in:
Bibliographische Detailangaben
1. Verfasser: Bảo Định Giang
Format: Buch
Sprache:Undetermined
Veröffentlicht: Văn Nghệ 1998
Schlagworte:
Tags: Tag hinzufügen
Keine Tags, Fügen Sie den ersten Tag hinzu!
Thư viện lưu trữ: Trung tâm Học liệu Trường Đại học Cần Thơ
LEADER 00519nam a2200181Ia 4500
001 CTU_53379
008 210402s9999 xx 000 0 und d
020 |b 12500 
082 |a 324.2597075 
082 |b B108 
100 |a Bảo Định Giang 
245 0 |a Đảng với văn nghệ - những điều ghi nhớ 
245 0 |c Bảo Định Giang 
260 |b Văn Nghệ 
260 |c 1998 
650 |a communist parties 
650 |z vietnam 
980 |a Trung tâm Học liệu Trường Đại học Cần Thơ